00552 2200181 4500001002100000005001500021035002000036007000300056008004100059082000800100084001400108245008500122250000900207260006600216300002700282110004800309856001300357INLIS00000000000267920231106023206 a0010-1123000009ta231106 g 0 ind  a631 a631 BAD p1 aPaket Informasi Usahatani Terpadu /cBadan Penelitian dan Pengembangan Pertanian aed.1 aJakarta :bBadan Penelitian dan Pengembangan Pertanian,c1994 a500 p :bilus ;c30 cm0 aBadan Penelitian dan Pengembangan Pertanian aLemari 2